Представление документа в формате RUSMARC

ПолеНазваниеЗначение
  Тип записи a
  Библиографический уровень m
001 Контрольный номер RU/SLIB/B/228311441
005 Дата корректировки 20201206204502.1
010 Индекс ISBN __
d Цена 110-00
101 Язык документа __
a Язык текста rus
a Язык текста ger
c Язык оригинала rus
200 Заглавие и сведения об ответственности 1_
a Заглавие Die Mar vom Direktor P.
e Сведения, относящиеся к заглавию roman
f Первые сведения об ответственности Wil Lipatow ; [redakteur R. Landa ; nachwort F. Selbann]
b Общее обозначение материала Текст
200 Заглавие и сведения об ответственности __
d Параллельное заглавие Сказание о директоре Прончатове
210 Выходные данные __
a Место издания Berlin
c Издательство Volk und Welt
d Дата издания [1971?]
215 Физическое описание __
a Объем 302, [2] s.
300 Общие примечания __
a Общие примечания Дар
a Общие примечания Текст на нем. яз.
330 Аннотация __
a Аннотация Роман В. Липатова "Сказание о директоре Прончатове" в переводе на немецкий язык.
606 Тематические рубрики __
a Основная рубрика Художественная литература
z Хронологическая подрубрика 20 в.
y Географическая подрубрика Россия
606 Тематические рубрики __
a Основная рубрика Русская литература XX в. (произведения)
610 Ключевые слова __
a Ключевые слова романы; тема личности; тема общества; тема нравственности; тема противостояния
686 Индексы других классификаций __
a Классификационный индекс 84(2Рос=Рус)6-4
700 Автор _1
a Фамилия Lipatow
b Имя W.
4 Код отношения 070
702 Вторичная интеллектуальная ответственность _1
a Фамилия Landa
b Имя R.
4 Код отношения Редактор
4 Код отношения 340
702 Вторичная интеллектуальная ответственность _1
a Фамилия Selbann
b Имя F.
4 Код отношения Автор предисловия и т.д.
4 Код отношения 080
801 Источник записи _0
a Страна RU
b Организация Муниципальное бюджетное учреждение культуры "Централизованная библиотечная система" г. Сургут (Центральная городская библиотека им. А. С. Пушкина)
g Правила каталогизации КиК/Дорошева
801 Источник записи _1
a Страна RU
b Организация Муниципальное бюджетное учреждение культуры "Централизованная библиотечная система" г. Сургут (Центральная городская библиотека им. А. С. Пушкина)
g Правила каталогизации КиК/Дорошева
852 Данные о местонахождении __
j Шифр хранения 84(2Рос=Рус)6-4
c Каталожный индекс 84(2Рос=Рус)6-4
i Авторский знак L 79
901 Тип документа __
t Тип документа m
903 Характеристики (МАРС) __
a Дата передачи 20070406
990 Данные о заказе (DOS) __
j Количество экземпляров (DOS) 1
t N записи в КСУ для И/У (DOS) 200704